Human Resource Management Practices on Work Motivation of Employees in the Municipal Government of Binangonan, Rizal (Record no. 83903)

MARC details
000 -LEADER
fixed length control field 00991nam a22001697a 4500
003 - CONTROL NUMBER IDENTIFIER
control field URS
005 - DATE AND TIME OF LATEST TRANSACTION
control field 20250729164734.0
008 - FIXED-LENGTH DATA ELEMENTS--GENERAL INFORMATION
fixed length control field 250729b |||||||| |||| 00| 0 eng d
100 ## - MAIN ENTRY--PERSONAL NAME
Personal name Estioco, Angelito
245 ## - TITLE STATEMENT
Title <a href="Human Resource Management Practices on Work Motivation of Employees in the Municipal Government of Binangonan, Rizal">Human Resource Management Practices on Work Motivation of Employees in the Municipal Government of Binangonan, Rizal</a>
Remainder of title Angelito Estioco, Allana Lacostales, Mark Jerald Oja, Razel Villanueva
260 ## - PUBLICATION, DISTRIBUTION, ETC. (IMPRINT)
Date of publication, distribution, etc 2024
300 ## - PHYSICAL DESCRIPTION
Extent viii, 98
502 ## - DISSERTATION NOTE
Dissertation note Thesis<br/>
Degree type Bachelor of Science in Business Major in Human Resource Management<br/>
Name of granting institution URS Binangonan
Year degree granted 2024<br/>
520 ## - SUMMARY, ETC.
Summary, etc "The primary objective of the study to ascertain the perception of the respondents<br/>regarding human resource management practices on work motivation of employees in Municipal Government of Binangonan, Rizal.<br/>The researchers utilized the descriptive method of research and used a<br/>questionnaire checklist as the primary instrument for collecting data."<br/>
700 ## - ADDED ENTRY--PERSONAL NAME
Personal name Billy M. Ines
Relator term Adviser
942 ## - ADDED ENTRY ELEMENTS (KOHA)
Source of classification or shelving scheme Library of Congress Classification
Koha item type Theses and dissertations
Holdings
Withdrawn status Source of classification or shelving scheme Damaged status Not for loan Home library Current library Date acquired Total Checkouts Barcode Date last seen Price effective from Koha item type
  Library of Congress Classification     Binangonan College Library Binangonan College Library 07/29/2025   URSBIN-UGT3416 07/29/2025 07/29/2025 Theses and dissertations

University of Rizal System
Email us at univlibservices@urs.edu.ph

Visit our Website www.urs.edu.ph/library